LEADER 06051nam 22005291 450 001 9910511662803321 005 19981119111801.8 010 $a1-4742-8839-1 010 $a1-4742-8838-3 024 7 $a10.5040/9781474288392 035 $a(CKB)3710000000841110 035 $a(EBL)4659868 035 $a(MiAaPQ)EBC4659868 035 $a(OCoLC)1090435001 035 $a(UtOrBLW)bpp09262715 035 $a(EXLCZ)993710000000841110 100 $a20180205d2018 uy 0 101 0 $aeng 135 $aur|n|---||||| 181 $2rdacontent 182 $2rdamedia 183 $2rdacarrier 200 10$aYugoslavian inferno $eethnoreligious warfare in the Balkans /$fPaul Mojzes 210 1$aLondon :$cBloomsbury Publishing,$d2018. 215 $a1 online resource (290 p.) 225 0 $aHistory and politics in the 20th century: Bloomsbury Academic collections 300 $aDescription based upon print version of record. 311 $a1-4742-8837-5 320 $aIncludes bibliographical references and index. 327 $aMachine generated contents note: ch. 1 Never Again? -- Anticipating War -- The War Arrives -- What Is This Warfare About? -- ch. 2 Mytho-History -- Serbs -- Croats -- Slovenes -- Bosnians and Herzegovinians -- Macedonians -- Montenegrins -- The Mythic Element -- Conclusions -- ch. 3 The Destructive Use of Memory -- The Heritage of Horror -- Revenge and Spite -- Propaganda: Good Guys vs. Bad Guys -- Lies, Lies, Lies -- The Return of Primitivism -- The Locksmith Was Better -- ch. 4 Last Chance for A Unified Yugoslavia -- ch. 5 The Unresolved National Question -- The Structural Problem -- The National Question in the First Yugoslavia -- The Titoist Approach to the National Question -- The Post-Tito Resurrection of National Conflicts -- Nationalism Breaks Up the Communist Party of Yugoslavia -- Ethnic Nationalism as the New Order -- The Impact of Ethnic Nationalism -- ch. 6 Civil War or War Between Countries? -- Alternate Perceptions of the Conflict -- 327 $aContents note continued: Overview of the Process of War-Making -- Preliminary Skirmishes in Kosovo and Croatia -- War in Slovenia: A Fizzled "Blitzkrieg" -- War in Croatia: The First Serb-Croat War -- War in Bosnia and Herzegovina: The Bosnian Pot Boils Over -- War in Serbia? Bloodiest Yet? -- A Wider Balkan War? -- Conclusion -- ch. 7 The Religious Component In The Wars -- Contribution of Religious Communities toward Hatred and War -- The Roman Catholic Contribution to Nationalism -- The Serbian Orthodox Role in the Disintegration of Yugoslavia -- Bosnian Muslims: Ethnoreligious Ambiguity -- Macedonian Orthodox Separatism -- Protestants: Inability to Withstand War Propaganda -- The Reconciling Role of Religious Communities -- Conclusion -- ch. 8 Who or What is to Blame? -- The Unsolved National Question -- Politicians -- Intellectuals -- The Yugoslav Army -- War Criminals -- The Press and Media -- Religious Leadership -- Collective Responsibility---The International Community -- 327 $aContents note continued: To Sum Up -- ch. 9 Will Un Sanctions Topple the Regime In Yugoslavia? -- ch. 10 Slovenia and Macedonia: A Study In Contrasts -- The Slovenian Secession and War -- Economic Worries -- The Religious Factor in Slovenia -- The Macedonian Negotiated Secession -- The Role of Religion in Macedonia -- The Economic Afflictions -- Conclusion -- ch. 11 Croatia: Neither War Nor Peace -- ch. 12 Ending the War -- Domestic Alternatives to End the War -- Foreign Military Intervention -- My Proposal to End the War -- ch. 13 And the War Goes On. 330 $a"After the fall of communism in Eastern Europe, no-one was prepared for the violent dissolution of Yugoslavia. Suddenly old terms like chetnik and ustasha found new currency, and a new term surfaced - 'ethnic cleansing' - with its sickening echo of 'final solution'. The upsurge of nationalist sentiment in Eastern Europe raises the question whether the wars in the former Yugoslavia are harbingers of things to come. Will the racist idea of the ethnically pure state crush the humanist ideal of the multicultural society? Yugoslavian Inferno provides a rich analysis of the complex issues that brought about the demise of Yugoslavia and the ensuing fratricidal warfare. It pays particular attention to the role of religion in fanning the flames of interethnic hatred and is written by a scholar uniquely placed to write it. A Yugoslavian-American with roots in both Croatia and Serbia, whose religious tradition is Protestant, rather than Catholic, Orthodox, or Muslim, Paul Mojzes is an internationally recognized authority on religion in Eastern Europe. Based on travels in the region, interviews with politicians, scholars, and religious leaders, as well as news accounts and monographs in generally inaccessible languages, and formulated after a lifetime of scholarly achievement, Yugoslavian Inferno presents insights that only a native can provide and the critical objectivity that only an outsider can offer. In the tradition of the renowned previous volumes from the Oxford Old Testament Seminar - King and Messiah in Israel and the Ancient Near East (1998), In Search of Pre-Exilic Israel (2004), Temple and Worship in Biblical Israel (2005), and Prophecy and Prophets in Ancient Israel (2010)-this new volume again brings the scholarship of the Oxford Seminar, here focused on the rich subject of Old Testament wisdom traditions, to an international readership."--Bloomsbury Publishing. 410 0$aHistory and Politics in the 20th Century: Bloomsbury Academic 606 $aYugoslav War, 1991-1995 606 $2Postwar 20th century history, from c 1945 to c 2000 607 $aYugoslavia$xEthnic relations 607 $aYugoslavia$xReligion$y20th century 615 0$aYugoslav War, 1991-1995. 676 $a949.702/4 700 $aMojzes$b Paul$0516252 801 0$bUtOrBLW 801 1$bUtOrBLW 906 $aBOOK 912 $a9910511662803321 996 $aYugoslavian inferno$92548774 997 $aUNINA LEADER 01510nam 2200469 450 001 9910483049003321 005 20211007080709.0 010 $a3-658-33110-0 035 $a(CKB)4100000011786723 035 $a(MiAaPQ)EBC6512595 035 $a(Au-PeEL)EBL6512595 035 $a(OCoLC)1245673349 035 $a(PPN)259457477 035 $a(EXLCZ)994100000011786723 100 $a20211007d2021 uy 0 101 0 $aeng 135 $aurcnu|||||||| 181 $ctxt$2rdacontent 182 $cc$2rdamedia 183 $acr$2rdacarrier 200 14$aThe unnoticed effects of EU accession $eevidence on mobility and integration of Bulgarian migrants in Germany /$fVesela Kovacheva 210 1$aWiesbaden, Germany :$cSpringer VS,$d[2021] 210 4$d©2021 215 $a1 online resource (251 pages) 225 1 $aStudien zur Migrations- und Integrationspolitik 311 $a3-658-33109-7 320 $aIncludes bibliographical references. 410 0$aStudien zur Migrations- und Integrationspolitik. 606 $aImmigrants$zGermany$xSocial conditions 606 $aNaturalization$zGermany 607 $aGermany$xEmigration and immigration 615 0$aImmigrants$xSocial conditions. 615 0$aNaturalization 676 $a304.843 700 $aKovacheva$b Vesela$0850043 801 0$bMiAaPQ 801 1$bMiAaPQ 801 2$bMiAaPQ 906 $aBOOK 912 $a9910483049003321 996 $aThe unnoticed effects of EU accession$91898182 997 $aUNINA LEADER 04110 am 2200685 n 450 001 9910571798003321 005 20211022 010 $a979-1-03-510712-3 024 7 $a10.4000/books.psorbonne.91687 035 $a(CKB)5670000000356974 035 $a(FrMaCLE)OB-psorbonne-91687 035 $a(oapen)https://directory.doabooks.org/handle/20.500.12854/85775 035 $a(PPN)267767722 035 $a(EXLCZ)995670000000356974 100 $a20220530j|||||||| ||| 0 101 0 $afre 135 $auu||||||m|||| 181 $ctxt$2rdacontent 182 $cc$2rdamedia 183 $acr$2rdacarrier 200 14$aLes lumières de la guerre, Volume 2 $eMémoires militaires du XVIIIe siècle conservés au service historique de la Défense (Sous-série 1 - Reconnaissances) /$fHervé Drévillon, Arnaud Guinier 210 $aParis $cÉditions de la Sorbonne$d2021 215 $a1 online resource (362 p.) 225 1 $aGuerre et Paix 311 $a2-85944-879-9 330 $aConservée au Service historique de la Défense, la sous-série dite des Mémoires et reconnaissances constitue une source incontournable pour l?histoire militaire de l?époque moderne. Réunissant plusieurs milliers de documents pour le seul XVIIIe siècle, elle offre un éclairage essentiel sur des questions aussi diverses que la logistique, la discipline, la santé, les fortifications, l?artillerie, la marine ou encore l?analyse et la préparation des opérations. La richesse des points de vue qu?elle rassemble, allant des simples élucubrations de faiseurs de projets aux écrits des principaux officiers de l?armée, en passant par les mémoires produits à la demande du Dépôt de la guerre, en fait en outre le véritable miroir tant de l?opinion que des savoirs militaires à l?époque des Lumières. À ce titre, la sous-série a attiré depuis longtemps l?attention des historiens qui lui ont emprunté nombre de citations. Pour autant, les modalités de sa constitution, le profil et les ambitions de ses auteurs, le rôle joué par les documents qu?elle regroupe dans la construction d?un savoir et d?une politique d?État, et surtout la diversité des thématiques et des enjeux qu?elle recoupe n?ont encore jamais fait l?objet d?une analyse systématique. Autant d?aspects que le présent ouvrage propose d?évoquer à travers l?édition critique en trois volumes d?une partie des mémoires qu?elle contient. Consacré aux reconnaissances, ce deuxième volume s?intéresse à la constitution d?un savoir opératif et stratégique que rend possible la production de mémoires historiques et de reconnaissances. Réunissant des documents rédigés au cours d?un long XVIIIe siècle, il témoigne d?un affinement croissant de la connaissance des hommes et des lieux au service de la construction d?un État de plus en plus centralisé. 517 $aLumières de la guerre, Volume 2 606 $aHistory 606 $ahistoire militaire 606 $aFrance 606 $aXVIIIe siècle 606 $asource 606 $aservice historique de la défense 610 $ahistoire militaire 610 $aFrance 610 $aXVIIIe siècle 610 $asource 610 $aservice historique de la défense 615 4$aHistory 615 4$ahistoire militaire 615 4$aFrance 615 4$aXVIIIe siècle 615 4$asource 615 4$aservice historique de la défense 700 $aBinois$b Grégoire$01330535 701 $aFonck$b Bertrand$01311159 701 $aGainot$b Bernard$0222997 701 $aGendre$b Jean-Charles$01330536 701 $aHomshaw$b Nicolas$01330537 701 $aPeter$b Cécile$01330538 701 $aRamotowski$b Luc$01330539 701 $aRoucaud$b Michel$01309279 701 $aRouster$b Pierre$01330540 701 $aDrévillon$b Hervé$01288496 701 $aGuinier$b Arnaud$01311161 801 0$bFR-FrMaCLE 906 $aBOOK 912 $a9910571798003321 996 $aLes lumières de la guerre, Volume 2$93039889 997 $aUNINA